Statistics for Воеводства Польши - Викторина на карте

Click here to take the quiz!

General Stats

  • This quiz has been taken 304 times
  • The average score is 6 of 16

Answers on the Map

Answers color-coded by a green-red scale on the quiz's map according to % correct below.
 

Answer Stats

Answer% Correct
Западно-Поморское
56%
Подкарпатское
46%
Мазовецкое
40%
Люблинское
39%
Великопольское
39%
Поморское
38%
Нижнесилезское
38%
Варминско-Мазурское
34%
Лодзинское
32%
Куявско-Поморское
32%
Подляшское
31%
Малопольское
29%
Опольское
29%
Силезское
27%
Свентокшиское
24%
Лубушское
20%

Score Distribution

Percentile by Number Answered

Percent of People with Each Score

Your Score History

You have not taken this quiz